Capital Cities That Start with K - Statistics

General Stats
  • This quiz has been taken 1,879 times
    1,381 since last reset
  • The average score is 8 of 11
Answer Stats
Capital % Correct
Kinshasa
78%
Kigali
71%
Kathmandu
70%
Kuala Lumpur
70%
Kyiv
70%
Kingston
69%
Kingstown
69%
Kabul
67%
Kampala
67%
Kuwait City
67%
Khartoum
65%
No matching quizzes found
Score Distribution
Percent of People with Each Score
Percentile by Number Answered
Your Score History
You have not taken this quiz since the last reset